000 00681nam a2200241Ia 4500
003 OSt
005 20220928110010.0
006 a|||||r|||| 00| 0
007 ta
008 220927b |||||||| |||| 00| 0 eng d
024 _a48243
037 _cTextual
040 _aSDCL
_cSDCL
_beng
041 _2eng
_aeng
082 _aY:1.275'M, N9
100 _aPrakash Om Ed.
_9417701
245 0 _aCommerce and culture in the bay of Bengal, 1500-1800.
260 _aNew Delhi
_bManohar
_c1999
300 _a416p.
_ccm.
700 _a Lombard Denys Ed.
_9417702
942 _hY:1.275'M, N9
_cTEXL
_2CC
999 _c733693
_d733693